Prussia-Schätze im Kartoffelsack
| Titel: | Prussia-Schätze im Kartoffelsack : Auf der Suche nach der vorgeschichtlichen Sammlung des Prussia-Museums in Königsberg (T. 2) |
|---|---|
| Verfasser: | |
| In: |
Das Ostpreußenblatt, Band 51, Heft 30 (2000), Seite 11, Abb. alle Artikel anzeigen |
| Veröffentlicht: | 2000 |
| Format: | Aufsatz |
| Sprache: | Deutsch |
X
alg: 39218000 001A $01999:11-11-16 001B $01999:16-05-21 $t20:24:26.000 001C $06050:19-11-16 $t09:17:45.000 001D $01999:11-11-16 001U $0utf8 001X $00 002@ $0Aox 003@ $0392180006 007A $0392180006 $aHEB 007T $0Herd38784 010@ $ager 011@ $a2000 021A $aPrussia-Schätze im Kartoffelsack $dAuf der Suche nach der vorgeschichtlichen Sammlung des Prussia-Museums in Königsberg (T. 2) 028A $aLange $dHeinrich 031A $d51 $e30 $h11, Abb. $j2000 037A $a1. Teil: ebenda, 51. 29 (2000), 12 037A $aCzęść 1: tamże, 51. 29 (2000), 12039B $aIn $8--Abvc--. Das @Ostpreußenblatt. - Hamburg : Landsmannschaft, 1950-2003. - ISSN 0947-9597 $x200000000510030989 $9047780835 045F $a307.094382 $eDDC23BSB 045F/01 $a307.09 045F/03 $g4382 045F/03 $g43832 045T $a7,41 $a8,1 lok: 39218000 78 exp: 39218000 78 1 #EPN 201B/01 $005-12-17 $t23:50:29.000 201U/01 $0utf8 203@/01 $0788276190 208@/01 $a11-11-16 $be 209A/01 $a/ $f000 $x00 220C/01 $aTitelaufnehmer: mt 244Z/01 $2Trx $#Prusy Wschodnie i Zachodnie $8--Trx--Ost- und Westpreußen $x01 $939113373X 244Z/01 $#Königsberg Preußen $#Königsberg i. Pr. $#Königsberg Pr. $#Königsberg in Ostpreußen $#Königsberg Ostpreußen $#Königsberg (Pr.) $#Königsberg Pregel $#Stadtgemeinde Königsberg $#Königsbergk $#Kaliningrad $#Karaliánčins $#Krulevec $#Karaláuczuje $#Królewiec $#Karaliaučius $#Regimontanus $#Regiomontium $#Regiomontum $#Regiomontum Borussiae $#Калининград $74031541-1 $8--Tg1--Königsberg $x02 $908508364X 244Z/01 $aGeschichte 1942-2000 $x03 244Z/01 $2Trx $#kultuuriväärtuste vargus $#kultūros vertybių grobimas $#Art theft $#kultúrkincs rablás $#grabież dóbr kultury $#krádeže umeleckých predmetov $#krádeže uměleckých předmětů $#Beutekunst $#Kunstraub $#Kriegsbeute $#Art theft $#grabież dzieł sztuki $#krádeže umeleckých predmetov $#krádeže uměleckých předmětů $8--Trx--Kulturgüterraub $x04 $9391359827 244Z/01 $2Trx $8--Trx--Zeitschriftenaufsatz $x05 $9391384341 245Z/01 $a13.03 $x01 245Z/01 $a05.02 $x02 247C/01 $82080>Marburg/Lahn, Herder-Institut, Forschungsbibliothek, Bibliographieportal $9336309341
| LEADER | 00000caa a22000002c 4500 | ||
|---|---|---|---|
| 001 | 392180006 | ||
| 003 | DE-603 | ||
| 005 | 20210516202426.0 | ||
| 007 | tu | ||
| 008 | 161111s2000 xx |||| | u00||u|ger c | ||
| 035 | |a (DE-599)HEB392180006 | ||
| 040 | |a DE-603 |b ger |c DE-603 |d DE-603 | ||
| 041 | |a ger | ||
| 082 | 0 | 4 | |8 1\u |a 307.094382 |q DE-101 |2 23/BSB |
| 084 | |a 7,41 |a 8,1 |2 ssgn | ||
| 085 | |8 1\u |b 307.09 | ||
| 085 | |8 1\u |z 2 |s 4382 | ||
| 085 | |8 1\u |z 2 |s 43832 | ||
| 100 | 1 | |a Lange, Heinrich | |
| 245 | 0 | 0 | |a Prussia-Schätze im Kartoffelsack |b Auf der Suche nach der vorgeschichtlichen Sammlung des Prussia-Museums in Königsberg (T. 2) |
| 264 | 0 | |c 2000 | |
| 500 | |a 1. Teil: ebenda, 51. 29 (2000), 12 | ||
| 500 | |a Część 1: tamże, 51. 29 (2000), 12 <pol> | ||
| 773 | 0 | 8 | |i In |t Das Ostpreußenblatt |d Hamburg : Landsmannschaft, 1950-2003 |x 0947-9597 |g Band 51, Heft 30 (2000), Seite 11, Abb. |w (DE-603)047780835 |w (DE-600)529299-2 |
| 924 | 0 | |9 2080 |a (DE-603)788276190 |b DE-2080 |c HES |d d |g / | |


